000 00428nam a2200193Ia 4500
005 20250423095325.0
008 250422s9999 xx 000 0 und d
020 _a0534611281
050 _aBF 181 .K35/
100 _aKantowitz, Barry H.
245 0 _aExperimental psychology
250 _a8th ed.
260 _aUK
260 _bWadsworth
260 _c2005
300 _a560 p
650 _aPsychology
942 _cBK
999 _c29924
_d29924